Štúdium vlastností nelineárnych vlnových systémov numerickými metódami : Kand.diz.práca : V.odb. 26-06-9 : Obh. 16.12.1987 : Projekt III-6-3/04 /

Guardado en:
Detalles Bibliográficos
Autor principal: Červeň, Juraj (Autor)
Otros Autores: Benda, Oldrich (Orientador)
Formato: Manuscrito Libro
Publicado: Bratislava : SVŠT v Bratislave EF, 1987
Materias:
Etiquetas: Agregar Etiqueta
Sin Etiquetas, Sea el primero en etiquetar este registro!

MARC

LEADER 00000ntm a22000003a 4500
001 stu4401
005 20150617225814.1
008 ------s1987----------------------------d
040 |a STU  |b slo 
041 0
100 1 |a Červeň, Juraj  |4 aut 
245 1 |a Štúdium vlastností nelineárnych vlnových systémov numerickými metódami :  |b Kand.diz.práca : V.odb. 26-06-9 : Obh. 16.12.1987 : Projekt III-6-3/04 /  |c [aut.] Červeň,Juraj, Ing.; Škol. Benda,Oldrich 
260 |a Bratislava :  |b SVŠT v Bratislave EF,  |c 1987 
300 |a 101 s  |c Autoref.1987, 20 s 
650 7 |a elektrotechnika  |2 stusub 
650 7 |a vlnové systémy  |2 stusub 
650 7 |a elektromagnetické vlny  |2 stusub 
650 7 |a teória solitónov  |2 stusub 
700 1 |a Benda, Oldrich  |4 ths 
996 |b 284ED00236  |c E*KDIZ-534  |l EE01  |s A  |a 24  |w stu4401_0001